Psicoanálisis y antropología /
El dr. Jensen discute en este trabajo la importancia de los descubrimientos freudianos para la teoría social y, especialmente, para la antropología y para ello recurre a realizar un breve bosquejo histórico. Además, inicia el ensayo con la mención de los tres pilares fundamentales del psicoanálisis...
Gorde:
| Egile nagusia: | |
|---|---|
| Formatua: | Texto |
| Gaiak: | |
| Etiketak: |
Etiketa erantsi
Etiketarik gabe, Izan zaitez lehena erregistro honi etiketa jartzen!
|
MARC
| LEADER | 00000 a a2200000 04500 | ||
|---|---|---|---|
| 001 | 14427 | ||
| 003 | |||
| 040 | |||
| 100 | |a Jensen Pennington, Henning | ||
| 245 | |a Psicoanálisis y antropología / |c Henning Jensen Pennington | ||
| 520 | |a El dr. Jensen discute en este trabajo la importancia de los descubrimientos freudianos para la teoría social y, especialmente, para la antropología |a y para ello recurre a realizar un breve bosquejo histórico. Además, inicia el ensayo con la mención de los tres pilares fundamentales del psicoanálisis: un método para la investigación de procesos psíquicos que apenas son asequibles de otra manera, un método de tratamiento de trastornos neuróticos que se basa en esta investigación, y una serie de conocimientos psicológicos obtenidos por esa vía, los cuales se integran lentamente en una nueva disciplina científica. REV//jmml | ||
| 650 | |a PSCOANALISIS | ||
| 650 | |a ANTROPOLOGIA | ||
| 650 | |a RESEÑAS BIBLIOGRAFICAS | ||
| 650 | |a ANALISIS DE CONTENIDO | ||
| 650 | |a HISTORIA | ||
| 650 | |a PUB.IIS | ||
| 773 | |g ESPECIAL, número 1; páginas 101-108 | ||
| 999 | |c 29622 |d 29622 | ||
| 773 | 0 | |0 18728 |9 4448 |a Universidad de Costa Rica. |d San José, Costa Rica Editorial UCR 1959- |o 16792 |t Revista de Ciencias Sociales/ |x 04825276 | |
